Kabi Madhusūdana o tām̐ra patrābalī. (Record no. 56349)

MARC details
000 -LEADER
fixed length control field 00582cam a22002291 4500
001 - CONTROL NUMBER
control field sa 64000611
003 - CONTROL NUMBER IDENTIFIER
control field DLC
005 - DATE AND TIME OF LATEST TRANSACTION
control field 20260227111957.0
008 - FIXED-LENGTH DATA ELEMENTS--GENERAL INFORMATION
fixed length control field 890919s1963 ii 000 0 beno
010 ## - LIBRARY OF CONGRESS CONTROL NUMBER
LC control number sa 64000611
035 ## - SYSTEM CONTROL NUMBER
System control number (OCoLC)20366218
040 ## - CATALOGING SOURCE
Original cataloging agency DLC
Transcribing agency WaU
Modifying agency DLC
041 0# - LANGUAGE CODE
Language code of text/sound track or separate title beneng
042 ## - AUTHENTICATION CODE
Authentication code premarc
050 00 - LIBRARY OF CONGRESS CALL NUMBER
Classification number PK1718.D74
Item number Z53
100 1# - MAIN ENTRY--PERSONAL NAME
Personal name Dutt, Michael Madhusudan,
Dates associated with a name 1824-1873.
245 10 - TITLE STATEMENT
Title Kabi Madhusūdana o tām̐ra patrābalī.
260 ## - PUBLICATION, DISTRIBUTION, ETC.
Date of publication, distribution, etc. [1963]
300 ## - PHYSICAL DESCRIPTION
Extent 274 p.
Dimensions 23 cm.
500 ## - GENERAL NOTE
General note Bengali or English.
700 1# - ADDED ENTRY--PERSONAL NAME
Personal name Gupta, Kshetra.

No items available.

Powered by Koha